Silber eflexe (Record no. 543)
[ view plain ]
| 000 -LEADER | |
|---|---|
| campo de control de longitud fija | 00612nam a22001457a 4500 |
| 008 - DATOS DE LONGITUD FIJA--INFORMACIÓN GENERAL | |
| campo de control de longitud fija | 150424b xxu||||| |||| 00| 0 eng d |
| 020 ## - NÚMERO INTERNACIONAL ESTÁNDAR DEL LIBRO | |
| Número Internacional Estándar del Libro | 3906554104 |
| 082 ## - NÚMERO DE LA CLASIFICACIÓN DECIMAL DEWEY | |
| Número de clasificación | 708 |
| Número de ítem | O 139s |
| 100 ## - ENTRADA PRINCIPAL--NOMBRE DE PERSONA | |
| Nombre de persona | Obrist, Gabrielle; Fayet, Roger; Bischoff, Fredi. |
| 9 (RLIN) | 2492 |
| 245 ## - MENCIÓN DEL TÍTULO | |
| Título | Silber eflexe |
| Mención de responsabilidad, etc. | Obrist, Gabrielle; Fayet, Roger; Bischoff, Fredi. |
| 260 ## - PUBLICACIÓN, DISTRIBUCIÓN, ETC. | |
| Lugar de publicación, distribución, etc. | Alemania |
| Nombre del editor, distribuidor, etc. | Johann Jacobs Museums |
| Fecha de publicación, distribución, etc. | 1997 |
| 300 ## - DESCRIPCIÓN FÍSICA | |
| Extensión | 48 p. |
| Otras características físicas | ill. |
| Dimensiones | 23x33 cm |
| 650 ## - PUNTO DE ACCESO ADICIONAL DE MATERIA--TÉRMINO DE MATERIA | |
| Subdivisión general | Silver coffeepots-Exhibiciones |
| -- | Coffee making parafernalia-exhibiciones |
| -- | Silver coffeepots-diseño-Exhibiciones |
| 9 (RLIN) | 2493 |
| 700 ## - ENTRADA AGREGADA--NOMBRE PERSONAL | |
| Nombre de persona | Obrist, Gabrielle; Fayet, Roger; Bischoff, Fredi. |
| 9 (RLIN) | 2494 |
| Estatus retirado | Estado de pérdida | Fuente del sistema de clasificación o colocación | Estado de daño | No para préstamo | Biblioteca de origen | Biblioteca actual | Ubicación en estantería | Fecha de adquisición | Total de préstamos | Signatura topográfica completa | Código de barras | Visto por última vez | Precio de reemplazo | Tipo de ítem Koha |
|---|---|---|---|---|---|---|---|---|---|---|---|---|---|---|
| Clasificación Decimal Dewey | Biblioteca LadoV | Biblioteca LadoV | 24/04/2015 | 708 O 139s | 000370 | 24/04/2015 | 24/04/2015 | Material 01 |
